Bojovník orgán ústredia odbojových sväzov

Bibliographic Details
New Title:Hlas revolúcie
Previous Title:Partizán
Odkaz
Odboj
Hlas oslobodených
Format: Newspaper
Language:Slovak
PhysicalDescription:4 zv. il. 51 cm
Published: Bratislava Ústredie odbojových sväzov 1948-1951
Subjects:

MARC

LEADER 00000cas a2200000 a 4500
001 vtls010301029
003 SK-MaSNL
005 20260228162921.0
008 110810d19481951xo wr|n 0 b0slo
040 |a SNK  |b slo  |c SNK  |e AACR2 
041 0 |a slo 
044 |a xo  |c SK 
072 7 |a 323  |x Vnútropolitický vývoj, politický život  |2 konspekt 
080 |a 323.2  |2 2001 
080 |a 050  |2 2001 
245 0 0 |a Bojovník  |b orgán ústredia odbojových sväzov 
260 |a Bratislava  |b Ústredie odbojových sväzov  |c 1948-1951 
300 |a 4 zv.  |b il.  |c 51 cm 
310 |a 1x týždenne 
362 0 |a Roč. I, č. 1 (1948)-roč. IV, č. 34 (1951) 
500 |a Zmena podnázvu od č. 24/1948: orgán ústredia Sväzu ľudových protifašistických bojovníkov 
500 |a Vyd. Ústredie odbojových sväzov v Bratislave 
500 |a Tlač. Pravda, graf. a vyd. podniky Bratislava, od č. 14/1949 Práca, Bratislava, od č. 47/1950 Typia, Bratislava 
500 |a Od č. 14-15/1951 sa uvádza na titule označenie ročníka IV. (VII.) 
500 |a Vych. namiesto čas. Partizán, Odkaz, Odboj a Hlas oslobodených. Splynul s ústredným orgánom Sväzu protifašistických bojovníkov v Prahe a pokračoval ako „Hlas revolúcie" 
515 |a Niektoré čísla vyšli ako dvojčíslo 
525 |a V r. 1949-1950 mal prílohu Výstavba SĽUB 
650 0 7 |a hnutie odporu  |2 SNKPH  |9 83610 
650 0 7 |a politický vývoj  |2 SNKPH  |9 67276 
650 0 7 |a spoločnosť  |2 SNKPH  |9 1013 
655 7 |a špecializované časopisy  |2 SNKPH  |9 70509 
780 0 2 |t Partizán  |w vtls010301883 
780 0 2 |t Odkaz  |w vtls010301842 
780 0 2 |t Odboj  |w vtls010301832 
780 0 2 |t Hlas oslobodených  |w vtls010301292 
785 0 0 |t Hlas revolúcie  |w vtls010301300 
910 |a snk 
916 |a 1948-1951 
958 |a OND 
999 |c 8553  |d 10483 
952 |0 0  |1 0  |4 0  |7 0  |8 5  |a SNK  |b SNK  |d 2003-11-12  |f 1  |i snkXI. 3205/55  |l 0  |o snkČSA 279/4/1951  |p 17A0402648  |r 2005-01-02 00:00:00  |t č. 1-34  |w 2026-02-21  |y PREZ 
952 |0 0  |1 0  |4 0  |7 0  |a SNK  |b SNK  |d 1997-09-05  |l 0  |o snkČSA 279/1/1948 D1  |p 17A0091275  |r 2005-01-02 00:00:00  |w 2026-02-21  |y PREZ 
952 |0 0  |1 0  |4 0  |7 0  |8 5  |a SNK  |b SNK  |d 2003-11-11  |f 1  |i snkXI. 3208/55  |l 0  |o snkČSA 279/1/1948  |p 17A0402646  |r 2005-01-02 00:00:00  |t č. 1-36  |w 2026-02-21  |y PREZ 
952 |0 0  |1 0  |4 0  |7 0  |a SNK  |b SNK  |d 2003-11-11  |f 1  |i snk 597/50  |l 0  |o snkČSA 279/2/1949  |p 17A0090088  |r 2005-01-02 00:00:00  |t č. 1-50, +príl.  |w 2026-02-21  |y PREZ  |z Príloha Výstavba č. 1-6 
952 |0 0  |1 0  |4 0  |7 0  |a SNK  |b SNK  |d 2003-11-11  |l 0  |o snkČSA 279/2/1949 D1  |p 17A0402647  |r 2005-01-02 00:00:00  |w 2026-02-21  |y PREZ  |z príl. chýba 
952 |0 0  |1 0  |4 0  |7 0  |a SNK  |b SNK  |d 2003-11-11  |f 1  |i snk 50/51  |l 0  |o snkČSA 279/3/1950  |p 17A0091281  |r 2005-01-02 00:00:00  |t č. 1-52, +príl.  |w 2026-02-21  |y PREZ  |z Príloha Výstavba Sľub 
952 |0 0  |1 0  |4 0  |7 0  |a SNK  |b SNK  |d 2003-11-11  |l 0  |o snkČSA 279/3/1950 D1  |p 17A0402668  |r 2005-01-02 00:00:00  |w 2026-02-21  |y PREZ 
952 |0 0  |1 0  |4 0  |7 0  |a SNK  |b SNK  |d 2003-11-12  |l 0  |o snkČSA 279/4/1951 D1  |p 17A0124171  |r 2005-01-02 00:00:00  |w 2026-02-21  |y PREZ